[Event "19th Voronezh Master Open"]
[Site "Voronezh RUS"]
[Date "2015.06.12"]
[Round "1.1"]
[White "Lomasov, Semen"]
[Black "Bukavshin, Ivan"]
[Result "1-0"]
[WhiteTitle "FM"]
[BlackTitle "GM"]
[WhiteElo "2305"]
[BlackElo "2647"]
[WhiteFideId "24164879"]
[BlackFideId "4199758"]
[EventDate "2015.06.12"]

1. e4 c5 2. Nf3 e6 3. d4 cxd4 4. Nxd4 Nc6 5. Nxc6 bxc6 6. Bd3 Nf6 7. O-O d5 8.
Nd2 Be7 9. Re1 O-O 10. c3 a5 11. e5 Nd7 12. Nf3 c5 13. Bf4 Ba6 14. Bc2 Rb8 15.
Qd2 Re8 16. h4 d4 17. cxd4 cxd4 18. Bg5 f6 19. exf6 gxf6 20. Bh6 e5 21. Re4 Kh8
22. Nxd4 exd4 23. Rxd4 Rb7 24. Bg7+ Kxg7 25. Rg4+ Kf8 26. Qd5 1-0

[Event "19th Voronezh Master Open"]
[Site "Voronezh RUS"]
[Date "2015.06.12"]
[Round "1.2"]
[White "Kokarev, Dmitry"]
[Black "Schekachikhin, Maksim"]
[Result "1-0"]
[WhiteTitle "GM"]
[BlackTitle "FM"]
[WhiteElo "2639"]
[BlackElo "2305"]
[WhiteFideId "4132181"]
[BlackFideId "24177830"]
[EventDate "2015.06.12"]

1. e4 e5 2. Nf3 Nc6 3. Bb5 Nf6 4. d3 Bc5 5. Bxc6 dxc6 6. b3 Nd7 7. Bb2 Bd6 8.
Nbd2 O-O 9. O-O Re8 10. Nc4 c5 11. a4 f6 12. Nh4 Nf8 13. g3 Be6 14. f4 Bxc4 15.
bxc4 Ng6 16. Ng2 Qd7 17. f5 Ne7 18. g4 h6 19. h4 Kf8 20. g5 Ng8 21. Qg4 hxg5 22.
hxg5 Ke7 23. Rf3 Kd8 24. Rh3 c6 25. Rh7 Bf8 26. Qg3 Qd6 27. Ne3 fxg5 28. Qxg5+
Nf6 29. Rh8 Kc7 30. Qg3 Rad8 31. Kf2 Kc8 32. Rg1 Qc7 33. Bc3 Bd6 34. Rxe8 Nxe8
35. Ke2 Rd7 36. Ng4 Re7 37. Rh1 b6 38. Rh8 Kb7 39. Qh4 a6 40. Qh7 b5 41. axb5
cxb5 42. cxb5 axb5 43. Qg8 Kb6 44. Qb3 Nf6 45. Ra8 b4 46. Ne3 Qb7 47. Qa4 1-0

[Event "19th Voronezh Master Open"]
[Site "Voronezh RUS"]
[Date "2015.06.12"]
[Round "1.3"]
[White "Vasilevich, Irina"]
[Black "Ponkratov, Pavel"]
[Result "0-1"]
[WhiteTitle "IM"]
[BlackTitle "GM"]
[WhiteElo "2301"]
[BlackElo "2610"]
[WhiteFideId "4141296"]
[BlackFideId "4157800"]
[EventDate "2015.06.12"]

1. c4 c5 2. Nc3 b6 3. e4 Bb7 4. Nf3 e6 5. Be2 d6 6. d4 cxd4 7. Nxd4 Nf6 8. f3
Be7 9. Be3 O-O 10. O-O a6 11. Qd2 Nbd7 12. Rfd1 Rc8 13. Rac1 Qc7 14. Bf1 Qb8 15.
Kh1 Rfe8 16. Bg1 Bd8 17. Nc2 Bc7 18. Ne3 Kh8 19. b4 Rg8 20. Qb2 Rgd8 21. a4 Qa8
22. Qa2 Ne5 23. Rb1 h5 24. Bf2 Ng6 25. a5 bxa5 26. b5 axb5 27. Nxb5 Bb8 28. Qa3
h4 29. Nxd6 Bxd6 30. Rxd6 Rxd6 31. Qxd6 Bxe4 32. Rb2 Bc6 33. h3 a4 34. Qa3 Rd8
35. Kg1 Nh5 36. c5 Ng3 37. Rb4 Qa7 38. Bd3 f5 39. Nc4 Qe7 40. Nd6 Ra8 41. Rb6
Bd5 42. Rb4 Kh7 43. Bc4 Nf4 44. Be3 Bxc4 45. Bxf4 Ne2+ 46. Kh1 Bd5 47. Be3 Bc6
48. Rb6 Bd5 49. Rb4 Qf6 50. Rxa4 Rb8 51. Kh2 Rb3 0-1

[Event "19th Voronezh Master Open"]
[Site "Voronezh RUS"]
[Date "2015.06.12"]
[Round "1.4"]
[White "Goganov, Aleksey"]
[Black "Najdin, Danil"]
[Result "1-0"]
[WhiteTitle "GM"]
[WhiteElo "2608"]
[BlackElo "2301"]
[WhiteFideId "24109959"]
[BlackFideId "4172426"]
[EventDate "2015.06.12"]

1. d4 Nf6 2. c4 g6 3. Nf3 Bg7 4. Nc3 O-O 5. e4 d6 6. Be2 e5 7. O-O Nc6 8. d5 Ne7
9. Ne1 Nd7 10. Nd3 f5 11. Bd2 Nf6 12. f3 f4 13. c5 g5 14. cxd6 cxd6 15. Nf2 h5
16. h3 Ng6 17. Qc2 Bd7 18. Rfc1 Rf7 19. Nb5 Bxb5 20. Bxb5 g4 21. hxg4 hxg4 22.
fxg4 Nxg4 23. Nxg4 Qb6+ 24. Nf2 Qxb5 25. Qb3 Qd7 26. Qf3 Bf6 27. Qg4 Kg7 28.
Qxd7 Rxd7 29. a4 Bd8 30. a5 Ne7 31. Rc4 Rc8 32. b3 b5 33. Rxc8 Nxc8 34. Nd3 Rc7
35. Nb4 Ne7 36. Kf2 Rc8 37. Ke2 Kf7 38. Kd3 Ke8 39. Be1 Kd7 40. Bf2 a6 41. Bb6
Bxb6 42. axb6 Rb8 43. Rxa6 Nc8 44. Nc6 Rxb6 45. Ra1 Kc7 46. Kc3 Kb7 47. Kb4 Ra6
48. Ra5 Rxa5 49. Kxa5 Nb6 50. Nd8+ Kc7 51. Ne6+ Kb7 52. Kxb5 Nd7 53. b4 Nf6 54.
Ng5 Ng4 55. Nf7 Kc7 56. Ka6 Nf2 57. Ng5 Nd3 58. b5 Kb8 59. Kb6 Ne1 60. Kc6 Nxg2
61. Kxd6 Ne1 62. Ke7 f3 63. Nxf3 Nxf3 64. d6 Nh4 65. d7 Ng6+ 66. Ke8 1-0

[Event "19th Voronezh Master Open"]
[Site "Voronezh RUS"]
[Date "2015.06.12"]
[Round "1.5"]
[White "Ofitserian, Boris"]
[Black "Aleksandrov, Aleksej"]
[Result "1/2-1/2"]
[WhiteTitle "FM"]
[BlackTitle "GM"]
[WhiteElo "2285"]
[BlackElo "2607"]
[WhiteFideId "24199443"]
[BlackFideId "13500139"]
[EventDate "2015.06.12"]

1. d4 Nf6 2. Nf3 e6 3. e3 b6 4. c4 Bb7 5. Nc3 Bb4 6. Bd3 O-O 7. O-O d5 8. cxd5
exd5 9. a3 Bd6 10. b4 a6 11. Qb3 Nc6 12. Bb2 Re8 13. Rfe1 Bf8 14. Rad1 Qd6 15.
e4 dxe4 16. Ng5 Re7 17. Ncxe4 Nxe4 18. Rxe4 Nd8 19. Re5 h6 20. Ne4 Qd7 21. Bb1
Bxe4 22. Bxe4 Rb8 23. Bb1 b5 24. Qc2 g6 25. Rxe7 Qxe7 26. d5 Bg7 27. Bxg7 Kxg7
28. Qc3+ Qf6 29. Qxc7 Rb7 30. Qc5 Re7 31. Kf1 Nb7 32. Qd4 Qxd4 33. Rxd4 Nd6 34.
Bc2 Rc7 35. Bd1 Kf6 36. Ke2 Ke5 37. Rd3 Rc1 38. a4 Rc4 39. axb5 axb5 40. Re3+
Kf6 41. Kd3 Rxb4 42. Kc3 Rc4+ 43. Kb3 Nf5 44. Re8 Nd4+ 45. Kb2 Rc5 46. Rh8 h5
47. Rd8 Ke7 48. Ra8 Rxd5 49. Kc3 Nc6 50. Bf3 Rc5+ 51. Kd3 Nb4+ 52. Ke3 Rc3+ 53.
Kd4 Rc4+ 54. Ke3 f5 55. Be2 Nd5+ 56. Kd2 Ra4 57. Re8+ Kf6 58. Bxb5 Rd4+ 59. Ke1
Nc7 60. Rf8+ Ke7 61. Rb8 Rb4 62. Rb7 Rb1+ 63. Ke2 Kd6 64. Bc6 Rh1 65. Bf3 Ne6
66. Rb6+ Ke5 67. Rb5+ Kf6 68. Rb6 Ke7 69. Rb7+ Kf8 70. h3 h4 71. Kd2 Rf1 72. Ke3
Re1+ 73. Kd2 Ra1 74. Rb4 Ra2+ 75. Ke3 Ra3+ 76. Ke2 g5 77. Rb8+ Ke7 78. Rb7+ Kd8
79. Rb8+ Kc7 80. Rb7+ Kc8 81. Rb4 Nf4+ 82. Kd2 Kd7 83. Rb5 Ke6 84. Rb6+ Ke7 85.
Rb5 Ra2+ 86. Ke3 Ra3+ 87. Kd2 Rd3+ 88. Kc2 Ke6 89. Rb6+ Rd6 90. Rxd6+ Kxd6 91.
Kd2 Ke5 92. Ke3 Ne6 93. Ba8 Nd4 94. Bb7 Nb3 95. g3 Nc5 96. Ba8 Ne6 97. Bb7 Nd8
98. Ba8 Nf7 99. Bb7 Nd6 100. Ba8 Nc4+ 101. Kf3 Kd4 102. gxh4 Ne5+ 103. Kg2 gxh4
104. f4 Nc4 105. Kf3 Kd3 106. Bc6 Nd2+ 107. Kf2 Nb3 108. Bd5 Nd4 109. Bb7 Kd2
110. Bc8 Kd3 111. Bb7 Nb3 112. Kf3 Nd2+ 113. Kf2 Kd4 114. Bc6 Nb3 115. Kf3 Nc5
116. Kf2 Kd3 117. Kf3 Ne6 118. Bb7 Kd2 119. Bc8 Nd4+ 120. Kf2 Kd3 121. Bb7 Kc3
122. Bc8 Kd2 123. Bb7 Nb5 124. Kf3 Nd6 125. Bc6 Kd3 126. Kf2 Kd2 127. Bd5 Kc3
128. Kf3 Kd4 129. Ba8 Kc5 130. Ke3 Nc4+ 131. Kf3 Na5 132. Ke3 Kd6 133. Kd4 Nb3+
134. Ke3 Nc5 135. Kd4 Nd7 136. Bb7 Nb6 137. Bf3 Nc8 138. Bb7 Ne7 139. Bf3 Ng6
140. Ke3 Nf8 141. Kd4 Ne6+ 142. Ke3 Kc5 143. Bh5 Nc7 144. Bg6 Nd5+ 145. Kf3 Ne7 1/2-1/2

[Event "19th Voronezh Master Open"]
[Site "Voronezh RUS"]
[Date "2015.06.12"]
[Round "1.6"]
[White "Maletin, Pavel"]
[Black "Mikhailovsky, Vladimir"]
[Result "1-0"]
[WhiteTitle "GM"]
[WhiteElo "2587"]
[BlackElo "2285"]
[WhiteFideId "4146786"]
[BlackFideId "34105414"]
[EventDate "2015.06.12"]

1. c4 Nf6 2. g3 e6 3. Bg2 d5 4. Nf3 dxc4 5. Qa4+ Bd7 6. Qxc4 Bc6 7. O-O Nbd7 8.
Nc3 Be7 9. d4 O-O 10. Rd1 Rc8 11. Qd3 Bb4 12. a3 Bxc3 13. Qxc3 Be4 14. b4 b6 15.
Bb2 c5 16. dxc5 Qc7 17. Qe3 bxc5 18. Rxd7 Qxd7 19. Bxf6 Bg6 20. Bc3 cxb4 21.
axb4 Qb5 22. Ne5 Rfd8 23. Bf3 Bf5 24. g4 Bc2 25. Rxa7 f6 26. Nd7 e5 27. Nc5 Rd1+
28. Kg2 Qc4 29. Bxe5 Re8 30. Qc3 Qxc3 31. Bxc3 1-0

[Event "19th Voronezh Master Open"]
[Site "Voronezh RUS"]
[Date "2015.06.12"]
[Round "1.7"]
[White "Denishev, Marat"]
[Black "Bocharov, Dmitry"]
[Result "0-1"]
[BlackTitle "GM"]
[WhiteElo "2276"]
[BlackElo "2580"]
[WhiteFideId "24131563"]
[BlackFideId "4138716"]
[EventDate "2015.06.12"]

1. Nf3 g6 2. c4 Bg7 3. Nc3 c5 4. g3 Nc6 5. Bg2 d6 6. O-O Nh6 7. d3 O-O 8. Qd2
Nf5 9. b3 Rb8 10. Bb2 a6 11. e3 b5 12. Rfd1 e5 13. Nd5 Be6 14. Qe2 h6 15. Nd2
Nce7 16. Nxe7+ Nxe7 17. Ne4 f5 18. Nc3 Qd7 19. Nd5 Nc6 20. Re1 Kh7 21. Rac1 bxc4
22. dxc4 e4 23. Bxg7 Qxg7 24. Nf4 Bf7 25. Rcd1 Rbd8 26. f3 g5 27. Nd5 Bh5 28. g4
exf3 29. Bxf3 Bg6 30. gxf5 Bxf5 31. Nf6+ Rxf6 32. Bxc6 Rdf8 33. Rf1 Qe7 34. Bg2
Kg7 35. Qe1 Be4 36. Rxf6 Rxf6 37. Bxe4 Qxe4 38. Qg3 Qc2 39. Rf1 Rxf1+ 40. Kxf1
Qb1+ 41. Kg2 Qxa2+ 42. Kf3 Qxb3 43. Qxd6 Qxc4 44. e4 Qf1+ 0-1

[Event "19th Voronezh Master Open"]
[Site "Voronezh RUS"]
[Date "2015.06.12"]
[Round "1.8"]
[White "Stukopin, Andrey"]
[Black "Kostin, Alexey"]
[Result "1-0"]
[WhiteTitle "GM"]
[BlackTitle "IM"]
[WhiteElo "2580"]
[BlackElo "2272"]
[WhiteFideId "24107131"]
[BlackFideId "4120736"]
[EventDate "2015.06.12"]

1. e4 c5 2. Nf3 e6 3. d4 cxd4 4. Nxd4 a6 5. Bd3 Nf6 6. O-O Qc7 7. Qe2 d6 8. c4
Nc6 9. Nxc6 bxc6 10. Nc3 e5 11. f3 Be7 12. Be3 O-O 13. Na4 Be6 14. Rac1 Nd7 15.
b3 Qb7 16. c5 Nxc5 17. Nxc5 dxc5 18. Bxc5 Rfc8 19. Qe3 a5 20. Bc4 Bxc4 21. Rxc4
h6 22. Qc3 Bxc5+ 23. Rxc5 f6 24. Rd1 Rd8 25. Rxd8+ Rxd8 26. h4 a4 27. Qc4+ Kh7
28. Qxa4 Rd1+ 29. Kh2 Qd7 30. Rd5 Rxd5 31. exd5 f5 32. dxc6 Qd6 33. Qc4 e4+ 34.
Kh3 exf3 35. c7 Qd1 36. c8=Q Qh1+ 37. Kg3 Qxg2+ 38. Kf4 Qg4+ 39. Ke3 f4+ 40. Ke4 1-0

[Event "19th Voronezh Master Open"]
[Site "Voronezh RUS"]
[Date "2015.06.12"]
[Round "1.9"]
[White "Klukin, Kirill"]
[Black "Burmakin, Vladimir"]
[Result "0-1"]
[WhiteTitle "FM"]
[BlackTitle "GM"]
[WhiteElo "2269"]
[BlackElo "2571"]
[WhiteFideId "24199273"]
[BlackFideId "4105109"]
[EventDate "2015.06.12"]

1. d4 c6 2. c4 Nf6 3. Nf3 d5 4. e3 Bf5 5. Nc3 e6 6. Nh4 Be4 7. Qb3 Qb6 8. Qxb6
axb6 9. f3 Bc2 10. g3 h6 11. cxd5 exd5 12. Kd2 Bh7 13. Bd3 Bxd3 14. Kxd3 Nbd7
15. Bd2 b5 16. Rhe1 Nb6 17. Kc2 g6 18. Ng2 Bg7 19. Nf4 O-O 20. Nd3 Nfd7 21. Nb1
Rfe8 22. Bc3 Ra4 23. b3 Ra7 24. Bb4 Nc8 25. Nc3 Bf8 26. Bxf8 Kxf8 27. a4 bxa4
28. Rxa4 Rxa4 29. Nxa4 Nd6 30. Nac5 Nxc5 31. Nxc5 Ra8 32. Na4 Ke7 33. Kd3 f5 34.
Re2 g5 35. Nc3 Ra1 36. e4 dxe4+ 37. fxe4 fxe4+ 38. Nxe4 Nxe4 39. Kxe4 Rb1 40.
Re3 Ke6 41. Kd3+ Kd5 42. Re5+ Kd6 43. Kc4 Rb2 44. h4 Rc2+ 45. Kd3 Rb2 46. hxg5
Rxb3+ 47. Kc4 Rxg3 48. gxh6 Rh3 49. Rg5 Rxh6 50. Rg7 b6 51. Rg8 b5+ 52. Kd3 Rh3+
53. Ke4 b4 54. Rb8 b3 55. Rb7 Rc3 56. Rb6 Kc7 57. Rb4 Rh3 58. Ke5 Rf3 59. Ke4
Rc3 60. Kf4 c5 61. dxc5 Kc6 62. Ke4 Kxc5 63. Rb7 Rh3 64. Rb8 Kc4 65. Rc8+ Kb4
66. Rb8+ Kc3 67. Rc8+ Kd2 68. Kd4 Rh4+ 69. Kd5 b2 0-1

[Event "19th Voronezh Master Open"]
[Site "Voronezh RUS"]
[Date "2015.06.12"]
[Round "1.10"]
[White "Brodsky, Michail"]
[Black "Ageichenko, Genadi A"]
[Result "1/2-1/2"]
[WhiteTitle "GM"]
[BlackTitle "IM"]
[WhiteElo "2564"]
[BlackElo "2265"]
[WhiteFideId "14100932"]
[BlackFideId "4105222"]
[EventDate "2015.06.12"]

1. Nf3 d5 2. c4 c6 3. d4 Nf6 4. e3 Bf5 5. Nc3 e6 6. Nh4 Bg6 7. Nxg6 hxg6 8. Bd3
Nbd7 9. h3 Bd6 10. O-O Qe7 11. c5 Bc7 12. f4 Ba5 13. a3 Bxc3 14. bxc3 Ne4 15.
Bxe4 dxe4 16. Rb1 Nf6 17. Rf2 O-O 18. c4 Rfd8 19. Qc2 Qc7 20. a4 b6 21. Ba3 Rab8
22. Rff1 Rb7 23. Rb3 Rdb8 24. Rfb1 bxc5 25. Rxb7 Rxb7 26. Rxb7 Qxb7 27. Bxc5 Kh7
28. a5 Kh6 29. Qa2 Qa6 30. Bb4 g5 31. fxg5+ Kxg5 32. Be1 Kg6 33. Qc2 Kh7 34. g4
Kg8 35. Qb3 Nd7 36. Qb4 Nf6 37. Bg3 Qc8 38. Kg2 Nd7 39. Bd6 f5 40. Bf4 fxg4 41.
Qe7 gxh3+ 42. Kxh3 Nf8 43. Kg3 Qd7 44. Qg5 1/2-1/2

[Event "19th Voronezh Master Open"]
[Site "Voronezh RUS"]
[Date "2015.06.12"]
[Round "1.11"]
[White "Vinogradov, Anatoly"]
[Black "Rychagov, Andrey"]
[Result "1/2-1/2"]
[BlackTitle "GM"]
[WhiteElo "2261"]
[BlackElo "2561"]
[WhiteFideId "24136751"]
[BlackFideId "4119932"]
[EventDate "2015.06.12"]

1. d4 f5 2. Nc3 Nf6 3. Bg5 d5 4. Bxf6 exf6 5. e3 Be6 6. Qf3 Bb4 7. Ne2 Qd7 8. a3
Bd6 9. Nf4 c6 10. Nxe6 Qxe6 11. Bd3 g6 12. h3 Nd7 13. g4 f4 14. e4 dxe4 15. Bxe4
Qf7 16. O-O-O O-O 17. h4 f5 18. gxf5 gxf5 19. Bd3 Kh8 20. Kb1 Qf6 21. Ne2 c5 22.
c3 cxd4 23. Nxd4 Ne5 24. Qe2 Bc5 25. Bc2 Rae8 26. Qd2 Qb6 27. Ka1 f3 28. Qf4
Bxd4 29. Rxd4 Nc6 30. Rd7 Ne5 31. Rd4 Nc6 32. Rd7 Ne5 1/2-1/2

[Event "19th Voronezh Master Open"]
[Site "Voronezh RUS"]
[Date "2015.06.12"]
[Round "1.12"]
[White "Lintchevski, Daniil"]
[Black "Aminov, Andrey"]
[Result "0-1"]
[WhiteTitle "GM"]
[WhiteElo "2557"]
[BlackElo "2255"]
[WhiteFideId "4171055"]
[BlackFideId "24162728"]
[EventDate "2015.06.12"]

1. Nf3 Nf6 2. c4 g6 3. b4 Bg7 4. Bb2 O-O 5. e3 d6 6. d4 c5 7. a3 cxd4 8. exd4 e5
9. Be2 e4 10. Nfd2 Re8 11. Nf1 d5 12. Ne3 Nc6 13. c5 Ne7 14. Nd2 Nd7 15. Bb5 Nc6
16. Nb3 Nf8 17. O-O a6 18. Ba4 Re7 19. f4 exf3 20. Qxf3 Be6 21. Rfe1 Rc8 22.
Rad1 h6 23. Bc1 Nh7 24. Ng4 h5 25. Nf2 Bf5 26. Re2 Rxe2 27. Qxe2 Ng5 28. Bxc6
Rxc6 29. Nd3 Bg4 30. Qf1 Bxd1 31. Qxd1 Ne6 32. Be3 Qh4 33. Nf2 Rc8 34. g3 Qe7
35. Qf3 Re8 36. Kg2 Nxc5 37. dxc5 Qxe3 38. Qxd5 Re6 39. Qf3 Bh6 40. Qxe3 Rxe3
41. Na5 Rxa3 42. Nxb7 Bd2 43. c6 Bxb4 44. Nc5 Rc3 45. Nxa6 Bd6 46. c7 Bxc7 47.
Nb4 Rb3 48. Nd5 Bb6 49. Ne4 Rb2+ 50. Kf3 Bd4 51. Ne7+ Kg7 52. Nc6 Bb6 53. Nd6 f5 0-1

[Event "19th Voronezh Master Open"]
[Site "Voronezh RUS"]
[Date "2015.06.12"]
[Round "1.13"]
[White "Ovchinnikov, Vsevolod"]
[Black "Savchenko, Boris"]
[Result "0-1"]
[WhiteTitle "FM"]
[BlackTitle "GM"]
[WhiteElo "2253"]
[BlackElo "2556"]
[WhiteFideId "24176842"]
[BlackFideId "4147332"]
[EventDate "2015.06.12"]

1. d4 e6 2. c4 Nf6 3. Nf3 c5 4. d5 b5 5. dxe6 fxe6 6. cxb5 a6 7. bxa6 Nc6 8. g3
d5 9. Bg2 Bd6 10. O-O O-O 11. b3 Bxa6 12. Bb2 Qe7 13. Nbd2 e5 14. Nh4 Qe6 15.
Nc4 Bc7 16. Ne3 Nd4 17. Re1 Ba5 18. Bf1 Ne4 19. f3 Nc3 20. Bxc3 Bxc3 21. Rc1
Bxe1 22. Qxe1 g5 23. Nhg2 Rxf3 24. Rxc5 Raf8 0-1

[Event "19th Voronezh Master Open"]
[Site "Voronezh RUS"]
[Date "2015.06.12"]
[Round "1.14"]
[White "Fedorov, Alexei"]
[Black "Zhileykin, Andrey"]
[Result "1-0"]
[WhiteTitle "GM"]
[WhiteElo "2555"]
[BlackElo "2253"]
[WhiteFideId "13500465"]
[BlackFideId "24157503"]
[EventDate "2015.06.12"]

1. e4 e5 2. Bc4 Nf6 3. d3 c6 4. Nf3 d5 5. Bb3 Bb4+ 6. Bd2 Bxd2+ 7. Qxd2 O-O 8.
Nxe5 Qe7 9. f4 dxe4 10. d4 Nd5 11. O-O f6 12. Nc4 f5 13. Ne5 Be6 14. c4 Nb6 15.
Nc3 N8d7 16. d5 Qc5+ 17. Kh1 Rad8 18. Nxc6 bxc6 19. dxe6 Ne5 20. Qe2 Nd3 21. g4
Rfe8 22. gxf5 Qxf5 23. Qxe4 Qc5 24. Qe2 Kh8 25. Rad1 Nb4 26. Ne4 Qf5 27. Rxd8
Rxd8 28. e7 1-0

[Event "19th Voronezh Master Open"]
[Site "Voronezh RUS"]
[Date "2015.06.12"]
[Round "1.15"]
[White "Shapiro, David"]
[Black "Tarlev, Konstantin"]
[Result "1-0"]
[WhiteTitle "FM"]
[BlackTitle "GM"]
[WhiteElo "2249"]
[BlackElo "2554"]
[WhiteFideId "24133523"]
[BlackFideId "14114089"]
[EventDate "2015.06.12"]

1. d4 Nf6 2. Nf3 e6 3. g3 b5 4. Bg2 Bb7 5. O-O c5 6. Na3 a6 7. c4 b4 8. Nc2 cxd4
9. a3 bxa3 10. b3 Qc7 11. Ncxd4 Be7 12. Bxa3 d6 13. Rc1 O-O 14. b4 Nbd7 15. Nb3
Rac8 16. Nfd4 Bxg2 17. Kxg2 Ne5 18. c5 dxc5 19. bxc5 Rfd8 20. Qc2 a5 21. Qc3 a4
22. Nd2 Bxc5 23. Bxc5 Qb7+ 24. N2f3 Nxf3 25. Nxf3 Ne4 26. Qe3 Nf6 27. Qc3 Qc7 1-0

[Event "19th Voronezh Master Open"]
[Site "Voronezh RUS"]
[Date "2015.06.13"]
[Round "2.1"]
[White "Nozdrachev, Leonid"]
[Black "Kokarev, Dmitry"]
[Result "1/2-1/2"]
[WhiteTitle "FM"]
[BlackTitle "GM"]
[WhiteElo "2407"]
[BlackElo "2639"]
[WhiteFideId "24113433"]
[BlackFideId "4132181"]
[EventDate "2015.06.12"]

1. e4 c5 2. c3 Nf6 3. e5 Nd5 4. d4 cxd4 5. Nf3 d6 6. cxd4 Nc6 7. Bc4 dxe5 8.
dxe5 Ndb4 9. Qb3 e6 10. O-O Na5 11. Qa4+ Bd7 12. Bb5 Bxb5 13. Qxb5+ Nac6 14. Nc3
a6 15. Qc4 Qd3 16. Qg4 Qg6 17. Qxg6 hxg6 18. Rd1 Be7 19. a3 Nc2 20. Ra2 Rd8 21.
Rxd8+ Bxd8 22. Ne2 Bb6 23. b4 N2d4 24. Nexd4 Nxd4 25. Nxd4 Bxd4 26. Re2 Rh5 27.
Bf4 Ke7 28. Re4 Bb2 29. b5 f6 30. bxa6 bxa6 31. g4 Rh3 32. Rb4 Bxa3 33. Rb7+ Kf8
34. Be3 Rh4 35. f3 fxe5 36. Bf2 Rh7 37. Rb6 Kf7 38. Rxa6 Bb2 39. Ra7+ Kf6 40. h4
g5 41. hxg5+ Kxg5 42. Be3+ Kg6 43. Kg2 Rh8 44. Rb7 Bd4 45. Bxd4 exd4 46. Rd7 e5
47. f4 exf4 48. Kf3 Kf6 49. Kxf4 g5+ 50. Ke4 Rh4 51. Rd6+ Ke7 52. Rxd4 Rxg4+ 53.
Ke5 Rxd4 54. Kxd4 Kf6 55. Ke4 Kg6 56. Kf3 Kh5 57. Kg3 g4 58. Kg2 Kg5 59. Kg3 Kf5
60. Kg2 Kf4 61. Kf2 g3+ 62. Kg2 Kg4 63. Kg1 Kf3 64. Kf1 g2+ 65. Kg1 Kg3 1/2-1/2

[Event "19th Voronezh Master Open"]
[Site "Voronezh RUS"]
[Date "2015.06.13"]
[Round "2.2"]
[White "Ponkratov, Pavel"]
[Black "Kozionov, Kirill"]
[Result "1-0"]
[WhiteTitle "GM"]
[BlackTitle "IM"]
[WhiteElo "2610"]
[BlackElo "2401"]
[WhiteFideId "4157800"]
[BlackFideId "24101729"]
[EventDate "2015.06.12"]

1. Nf3 d5 2. e3 Nf6 3. c4 e6 4. Nc3 c5 5. d4 cxd4 6. exd4 Bb4 7. Bd3 dxc4 8.
Bxc4 O-O 9. O-O b6 10. Bg5 Nc6 11. Bd3 Bb7 12. a3 Bxc3 13. bxc3 h6 14. Bh4 Qd5
15. Rb1 Ne7 16. Rb5 Qd6 17. Ne5 Ned5 18. Rb3 Nd7 19. Bg3 Nxe5 20. Bxe5 Qc6 21.
Bb5 Qc8 22. c4 Ne7 23. Bd6 Qd8 24. c5 Bd5 25. Rc3 a6 26. Bd3 Re8 27. Qg4 Nc6 28.
a4 bxc5 29. dxc5 Qf6 30. Qg3 e5 31. Rb1 Nd4 32. Bf1 e4 33. Rcc1 Nf5 34. Qf4 Qg6
35. Rd1 Bc6 36. Rb6 Bxa4 37. Ra1 Bb5 38. Bb8 Bc6 39. Re1 Nd4 40. Re3 Qh5 41. Qd6
Qd1 42. Rxc6 Raxb8 43. Rb6 Rxb6 44. Qxb6 Re6 45. Qb8+ Kh7 46. g3 Qc2 47. Qb7 f5
48. Qd5 Qb2 49. Bc4 Re8 50. Kg2 a5 51. g4 Rf8 52. gxf5 Nxf5 53. Qxe4 Kh8 54. Rf3
Qf6 55. Bd3 Nh4+ 56. Kf1 Qa1+ 57. Bb1 Qxb1+ 58. Qxb1 Nxf3 59. Qd1 Ng5 60. Qd5 a4
61. c6 a3 62. c7 Nf7 63. Qe6 1-0

[Event "19th Voronezh Master Open"]
[Site "Voronezh RUS"]
[Date "2015.06.13"]
[Round "2.3"]
[White "Pasiev, Rakhim"]
[Black "Goganov, Aleksey"]
[Result "1-0"]
[WhiteTitle "IM"]
[BlackTitle "GM"]
[WhiteElo "2398"]
[BlackElo "2608"]
[WhiteFideId "24122475"]
[BlackFideId "24109959"]
[EventDate "2015.06.12"]

1. e4 e5 2. Nf3 Nc6 3. Bc4 Bc5 4. c3 Nf6 5. d3 a6 6. O-O Ba7 7. Bb3 d6 8. Nbd2
O-O 9. h3 Be6 10. Bc2 h6 11. Re1 Re8 12. Nf1 d5 13. exd5 Nxd5 14. Ng3 Qd6 15.
Nh4 Qd7 16. Qf3 f5 17. Nhxf5 Rf8 18. d4 exd4 19. Qg4 d3 20. Rxe6 dxc2 21. Bxh6
Nf6 22. Qxg7+ Qxg7 23. Bxg7 Rfe8 24. Rxe8+ Nxe8 25. Bd4 Rd8 26. Rc1 Nxd4 27.
Nxd4 Bxd4 28. cxd4 Rxd4 29. Rxc2 Rd1+ 30. Kh2 b6 31. Nf5 c5 32. a4 Ra1 33. Ne7+
Kf7 34. Nd5 Rxa4 35. Nxb6 Rb4 36. Nd7 1-0

[Event "19th Voronezh Master Open"]
[Site "Voronezh RUS"]
[Date "2015.06.13"]
[Round "2.4"]
[White "Korchmar, Vasiliy"]
[Black "Maletin, Pavel"]
[Result "1/2-1/2"]
[WhiteTitle "IM"]
[BlackTitle "GM"]
[WhiteElo "2393"]
[BlackElo "2587"]
[WhiteFideId "24131750"]
[BlackFideId "4146786"]
[EventDate "2015.06.12"]

1. d4 d5 2. c4 c6 3. cxd5 cxd5 4. Bf4 Nc6 5. e3 Nf6 6. Nc3 Bg4 7. Qb3 Na5 8.
Qa4+ Bd7 9. Qc2 e6 10. Nf3 Rc8 11. Bd3 Nc4 12. O-O Bb4 13. Bxc4 dxc4 14. e4 O-O
15. Bg5 h6 16. Bh4 Qa5 17. Ne5 Bxc3 18. Bxf6 Bxd4 19. Nxd7 gxf6 20. Rad1 e5 21.
Qe2 Qa6 22. Qg4+ Kh8 23. Qh5 Kg7 24. Qg4+ Kh8 25. Qh5 Kg7 26. Qg4+ Kh8 1/2-1/2

[Event "19th Voronezh Master Open"]
[Site "Voronezh RUS"]
[Date "2015.06.13"]
[Round "2.5"]
[White "Bocharov, Dmitry"]
[Black "Sorokin, Aleksey"]
[Result "1-0"]
[WhiteTitle "GM"]
[BlackTitle "FM"]
[WhiteElo "2580"]
[BlackElo "2383"]
[WhiteFideId "4138716"]
[BlackFideId "24176460"]
[EventDate "2015.06.12"]

1. d4 Nf6 2. c4 g6 3. f3 d5 4. cxd5 Nxd5 5. e4 Nb6 6. Nc3 Bg7 7. Be3 O-O 8. Qd2
Nc6 9. O-O-O Qd6 10. Kb1 Rd8 11. Nb5 Qd7 12. d5 a6 13. Nc3 Na5 14. Bd4 Nbc4 15.
Bxc4 Nxc4 16. Qe2 Bxd4 17. Rxd4 b5 18. h4 e5 19. Rd1 a5 20. h5 Ba6 21. Qf2 b4
22. Nce2 Rab8 23. hxg6 fxg6 24. Nc1 a4 25. Nd3 Qd6 26. Nc5 Qb6 27. Nh3 a3 28. b3
Nd6 29. Ng5 Rd7 30. Nxh7 Rxh7 31. Rxh7 Kxh7 32. Qh4+ Kg7 33. Ne6+ Kg8 34. Qf6
Bd3+ 35. Ka1 1-0

[Event "19th Voronezh Master Open"]
[Site "Voronezh RUS"]
[Date "2015.06.13"]
[Round "2.6"]
[White "Nikitenko, Mihail"]
[Black "Stukopin, Andrey"]
[Result "0-1"]
[BlackTitle "GM"]
[WhiteElo "2384"]
[BlackElo "2580"]
[WhiteFideId "13506862"]
[BlackFideId "24107131"]
[EventDate "2015.06.12"]

1. e4 e5 2. Nf3 Nc6 3. Bb5 a6 4. Ba4 Nf6 5. d3 d6 6. c3 g6 7. Nbd2 Bg7 8. Nf1
O-O 9. Ng3 Bd7 10. h3 Kh8 11. Bg5 h6 12. Be3 Ng8 13. Bc2 Qe8 14. d4 f5 15. exf5
gxf5 16. Nh4 exd4 17. cxd4 Bxd4 18. Ngxf5 Bxf5 19. Bxf5 Bxe3 20. Ng6+ Kg7 21.
Nxf8 Qxf8 22. Qg4+ Bg5 23. h4 Ne5 24. Qe4 Re8 25. Kf1 Bd8 26. Rh3 Qf7 27. Re1
Rf8 28. g4 Ne7 29. Rg3 Kh8 30. Qf4 Nxf5 31. gxf5 Kh7 32. Re4 Qxf5 33. Qe3 c6 34.
Rb4 b5 0-1